<?xml version="1.0" encoding="UTF-8"?>
<collection xmlns="http://www.loc.gov/MARC21/slim">
 <record>
  <leader>01600nam a2200229Ia 4500</leader>
  <controlfield tag="001">CTU_228779</controlfield>
  <controlfield tag="008">210402s9999    xx            000 0 und d</controlfield>
  <datafield tag="082" ind1=" " ind2=" ">
   <subfield code="a">448.007</subfield>
  </datafield>
  <datafield tag="082" ind1=" " ind2=" ">
   <subfield code="b">Th103</subfield>
  </datafield>
  <datafield tag="088" ind1=" " ind2=" ">
   <subfield code="a">60140111</subfield>
  </datafield>
  <datafield tag="100" ind1=" " ind2=" ">
   <subfield code="a">Nguyễn, Hoàng Thái</subfield>
  </datafield>
  <datafield tag="245" ind1=" " ind2="0">
   <subfield code="a">L’autonomie des apprenants vietnamiens dans une formation en ligne. Le cas du Module d’Insertion Professionnelle sur la plate-forme en ligne du Campus Numérique Francophone partenaire de l’Université de Can Tho :</subfield>
  </datafield>
  <datafield tag="245" ind1=" " ind2="0">
   <subfield code="b">Memoire de master en sciences de l'éducation. Spécialité: Didactique et méthodologie du francais langue étrangère</subfield>
  </datafield>
  <datafield tag="245" ind1=" " ind2="0">
   <subfield code="c">Nguyễn Hoàng Thái ; Võ Văn Chương (Cán bộ hướng dẫn)</subfield>
  </datafield>
  <datafield tag="260" ind1=" " ind2=" ">
   <subfield code="a">Cần Thơ</subfield>
  </datafield>
  <datafield tag="260" ind1=" " ind2=" ">
   <subfield code="b">Trường Đại học Cần Thơ</subfield>
  </datafield>
  <datafield tag="260" ind1=" " ind2=" ">
   <subfield code="c">2018</subfield>
  </datafield>
  <datafield tag="520" ind1=" " ind2=" ">
   <subfield code="a">Notre mémoire s’organisera en 3 chapitres principaux. Le premier chapitre se consacrera aux considérations théoriques nécessaires à notre recherche. Les notions théoriques telles que la formation en ligne, l’autonomie de l’apprenant, en particulier celle dans la formation en ligne, etc. seront passées en revue pour appuyer nos analyses ultérieures. Dans le chapitre 2, nous expliciterons la méthodologie que nous avons utilisée pour mener notre recherche. Et le chapitre 3 sera réservé à la présentation des résultats de nos analyses.</subfield>
  </datafield>
  <datafield tag="650" ind1=" " ind2=" ">
   <subfield code="a">French language,Tiếng Pháp</subfield>
  </datafield>
  <datafield tag="650" ind1=" " ind2=" ">
   <subfield code="x">Study and teaching,Dạy và học</subfield>
  </datafield>
  <datafield tag="910" ind1=" " ind2=" ">
   <subfield code="b">nthai</subfield>
  </datafield>
  <datafield tag="980" ind1=" " ind2=" ">
   <subfield code="a">Trung tâm Học liệu Trường Đại học Cần Thơ</subfield>
  </datafield>
 </record>
</collection>
